Sinh thái và môi trường trong dệt nhuộm

Tallennettuna:
Bibliografiset tiedot
Päätekijä: Đặng, Trấn Phòng
Aineistotyyppi: Kirja
Kieli:Undetermined
Julkaistu: Hà Nội Khoa học và Kỹ thuật 2004
Aiheet:
Tagit: Lisää tagi
Ei tageja, Lisää ensimmäinen tagi!
Thư viện lưu trữ: Trung tâm Học liệu Trường Đại học Cần Thơ
LEADER 00643nam a2200205Ia 4500
001 CTU_64042
008 210402s9999 xx 000 0 und d
020 |c 37000 
082 |a 363.738 
082 |b Ph431 
100 |a Đặng, Trấn Phòng 
245 0 |a Sinh thái và môi trường trong dệt nhuộm 
245 0 |c Đặng Trấn Phòng 
260 |a Hà Nội 
260 |b Khoa học và Kỹ thuật 
260 |c 2004 
650 |a Textile chemicals,Dyes and dyeing 
650 |x Environmental aspects,Textile fibers 
904 |i Minh,Hải 
980 |a Trung tâm Học liệu Trường Đại học Cần Thơ